|
|
|
|
| LEADER |
00705nam a2200181 a 4500 |
| 001 |
000604187 |
| 003 |
CZ BrMZK |
| 005 |
20020603155255.0 |
| 008 |
020603s1960 xr f cze d |
| 040 |
|
|
|a BOA001
|b cze
|c BOA001
|
| 100 |
1 |
|
|a Sedláček, František,
|d 1906-1977
|7 jk01110478
|4 aut
|
| 245 |
1 |
0 |
|a Princip stranickosti ve výchově a vyučování /
|c František Sedláček
|
| 260 |
|
|
|a Hradec Králové :
|b Ústav pro další vzdělávání učitelů a výchovných pracovníků,
|c 1960
|
| 300 |
|
|
|a 22 s.
|
| 910 |
|
|
|a BOA001
|b PK-N-0006.231
|
| 964 |
|
|
|a Vyučování - stranickost - pojednání
|
| 990 |
|
|
|a BK
|
| 996 |
6 |
|
|b BC-30233
|c PK-N-0006.231
|l MZK
|r Sklad / do 1 hodiny
|n 0
|w 000604187
|u 000010
|a 1
|e BOA001
|j MZK50
|s P
|